00336nam a22000977a 4500020001800000082001300018245010000031260003000131300002100161880005600182 a9787101048391 a848bXIA aFeel the world and handed down: the road of literature Liang (Chinese Edition) /cXia Xiao Hong aChina :bZhonghua,c2006. a289 p. ;c23 cm. 6245-02\ra感受世界与传世:梁文学之路 /